000 00420nam a22001697a 4500
005 20160628124834.0
008 160628b xxu||||| |||| 00| 0 eng d
020 _a81-7829-392-7
041 _aeng
082 _b10777
100 _aOliver. Paul
_91825
245 _aDemocracy and limits of minority rights
260 _bVistaar Publication
_c2004
300 _a190
650 _aMass Communication
_92660
942 _cBK
999 _c4417
_d4416